[Event "Porto Sant Elpidio op-B 8th"]
[Site "Porto Sant Elpidio"]
[Date "2005.11.20"]
[Round "2"]
[White "Cellini, Francesco M"]
[Black "Di Cicco, Daniela"]
[Result "1-0"]
[WhiteElo "1506"]
[BlackElo "1281"]
[PlyCount "73"]
[EventDate "2005.11.19"]
[EventType "swiss"]
[EventRounds "6"]
[EventCountry "ITA"]
[SourceTitle "EXT 2024"]
[Source "ChessBase"]
[SourceDate "2023.10.10"]
[SourceVersion "1"]
[SourceVersionDate "2023.10.10"]
[SourceQuality "1"]

1. c4 e5 2. Nc3 b6 3. e4 Bb7 4. Nf3 f6 5. d3 Bb4 6. a3 Bxc3+ 7. bxc3 Ne7 8. Be2 0-0 9. a4 c5 10. 0-0 Nbc6 11. Nh4 Qe8 12. Bg4 Kh8 13. Re1 g6 14. Bb2 Bc8 15. Re3 d6 16. Rh3 Bxg4 17. Qxg4 h5 18. Qe2 Qf7 19. g4 Kg7 20. Kh1 Rh8 21. Rg1 g5 22. gxh5 Rxh5 23. Nf5+ Nxf5 24. Qxh5 Qxh5 25. Rxh5 Kg6 26. Rh3 Ng7 27. Bc1 Nh5 28. Rf3 Rg8 29. h4 Nf4 30. Bxf4 exf4 31. Rxf4 Ne5 32. Rg3 g4 33. d4 cxd4 34. cxd4 Nxc4 35. Rfxg4+ Kf7 36. Rxg8 Nd2 37. R3g7+ 1-0